<?xml version="1.0" encoding="UTF-8"?><?xml-stylesheet type="text/xsl" href="static/style.xsl"?><OAI-PMH xmlns="http://www.openarchives.org/OAI/2.0/" xmlns:xsi="http://www.w3.org/2001/XMLSchema-instance" xsi:schemaLocation="http://www.openarchives.org/OAI/2.0/ http://www.openarchives.org/OAI/2.0/OAI-PMH.xsd"><responseDate>2026-04-28T23:32:30Z</responseDate><request verb="GetRecord" identifier="oai:uvadoc.uva.es:10324/29232" metadataPrefix="marc">https://uvadoc.uva.es/oai/request</request><GetRecord><record><header><identifier>oai:uvadoc.uva.es:10324/29232</identifier><datestamp>2021-12-16T12:50:21Z</datestamp><setSpec>com_10324_5262</setSpec><setSpec>com_10324_5186</setSpec><setSpec>com_10324_29291</setSpec><setSpec>col_10324_29220</setSpec></header><metadata><record xmlns="http://www.loc.gov/MARC21/slim" xmlns:doc="http://www.lyncode.com/xoai" xmlns:xsi="http://www.w3.org/2001/XMLSchema-instance" xmlns:dcterms="http://purl.org/dc/terms/" xsi:schemaLocation="http://www.loc.gov/MARC21/slim http://www.loc.gov/standards/marcxml/schema/MARC21slim.xsd">
<leader>00925njm 22002777a 4500</leader>
<datafield tag="042" ind1=" " ind2=" ">
<subfield code="a">dc</subfield>
</datafield>
<datafield tag="720" ind1=" " ind2=" ">
<subfield code="a">Fernández Gaztea, Joseba</subfield>
<subfield code="e">author</subfield>
</datafield>
<datafield tag="260" ind1=" " ind2=" ">
<subfield code="c">2018</subfield>
</datafield>
<datafield tag="520" ind1=" " ind2=" ">
<subfield code="a">A more precise systematization than those available can be resorted to when trying to explain the implementation modalities of EU Law. As a rule, the direct execution and indirect execution paradigms are used to provide such an explanation. The cooperative execution paradigm is also used in order to account for EU Law implementation cases in which several administrations concur in action. The most comprehensive model explaining these activity paradigms is Sydow’s execution and coo peration model. In addition, the classifications of cooperative procedures used by Spanish, Italian, and German scholarship serve also to systematize this so – called cooperative activity. Notwithstanding the explanatory value of these, a better systematization can be conceived by differentiating two variables of the implementation activity: territorial scope of its legal effect, and type and number of participating administrations. Based on this distinction, a systematization model is proposed. This model purports to embrace all activity of implementation of EU Law. This model can be graphically represented, and particular examples of implementation activity can be displayed on it. Such a graphical representation is herein attempted. The customs union norms a re used as a reference</subfield>
</datafield>
<datafield tag="520" ind1=" " ind2=" ">
<subfield code="a">A la hora de explicar las modalidades de ejecución del Derecho de la UE cabe recurrir a una sistematización más precisa que las disponibles. Hoy se emplean, por regla, los paradigmas ejecución directa – ejecución indirecta para tal explicación. Y la ejecución cooperativa, que se refiere a supuestos de ejecución en los cuales participa más de una Administración. El modelo más completo que explica estos tres tipos de paradigmas de actividad es el modelo de ejecución y cooperación de Sydow. Sirven también para sistematizar la ejecución cooperativa las clasificaciones de las doctrinas española, italiana y alemana de procedimientos cooperativos en el seno de los cuales se desarrolla esta actividad. No obstante el valor de las existentes, se puede concebir una sistematización mejorada diferenciando dos variables: ámbito territorial del efecto jurídico y tipo y número de Administraciones participantes en la actuación. Sobre esta distinción se propone aquí un modelo que tiene por vocación abarcar todo tipo de ejecución del Derecho de la UE. El modelo tiene un correlato gráfico, con el cual se pueden representar actuaciones concretas. Se ensaya esa representación. Se toma como referencia la normativa aduanera europea.</subfield>
</datafield>
<datafield tag="024" ind2=" " ind1="8">
<subfield code="a">Revista de estudios europeos, 2018, N.71, pags.273-299</subfield>
</datafield>
<datafield tag="024" ind2=" " ind1="8">
<subfield code="a">1132-7170</subfield>
</datafield>
<datafield tag="024" ind2=" " ind1="8">
<subfield code="a">2530-9854</subfield>
</datafield>
<datafield tag="024" ind2=" " ind1="8">
<subfield code="a">http://uvadoc.uva.es/handle/10324/29232</subfield>
</datafield>
<datafield tag="024" ind2=" " ind1="8">
<subfield code="a">273</subfield>
</datafield>
<datafield tag="024" ind2=" " ind1="8">
<subfield code="a">71</subfield>
</datafield>
<datafield tag="024" ind2=" " ind1="8">
<subfield code="a">299</subfield>
</datafield>
<datafield ind1=" " ind2=" " tag="653">
<subfield code="a">Derecho administrativo</subfield>
</datafield>
<datafield ind1=" " ind2=" " tag="653">
<subfield code="a">Procedimiento de ejecución</subfield>
</datafield>
<datafield ind1=" " ind2=" " tag="653">
<subfield code="a">Derecho comunitario</subfield>
</datafield>
<datafield tag="245" ind1="0" ind2="0">
<subfield code="a">Propuesta de un modelo más preciso para la sistematización de las actuaciones de ejecución del derecho</subfield>
</datafield>
</record></metadata></record></GetRecord></OAI-PMH>